000 00317nam a2200109Ia 4500
008 200302s9999 xx 000 0 und d
100 _aShubhra Raje and Amita Raje & Others
245 _aAnant Raje Architect Selected Works 1971-2009
260 _bCept Research and Development Unit
260 _c2012
300 _a336 P.,
999 _c3196
_d3196